| 000 | 00387nam a2200157Ia 4500 | ||
|---|---|---|---|
| 003 | OSt | ||
| 005 | 20240219121604.0 | ||
| 008 | 170524s9999 xx 000 0 und d | ||
| 020 | _a978-0132285032 | ||
| 040 | _cIIMT UNIVERSITY MEERUT | ||
| 100 | _aCoughlin RF | ||
| 245 | 0 | _aOperational Amplifiers and Linear Integrated Circuit | |
| 260 | _bPearson | ||
| 260 | _c2007 | ||
| 942 |
_2ddc _c02 |
||
| 999 |
_c4891 _d4891 |
||